| 000 | 00365nam a2200157Ia 4500 | ||
|---|---|---|---|
| 008 | 221030s9999 xx 000 0 und d | ||
| 020 | _a8178084473 | ||
| 041 | _aEnglish | ||
| 082 |
_a105.23 _bTan |
||
| 100 | _aA. S. Tanenbaum | ||
| 245 | 0 | _aModern Operating systems | |
| 260 |
_bPearson Education _aDelhi _c0 |
||
| 300 | _a951 | ||
| 650 | _aComputers | ||
| 942 | _cBK | ||
| 999 |
_c933 _d933 |
||